Loading...
| Social Science | 0 | 5 | 0 | 1 | 50 | 65 | 113.40 | 0 | 1 | 0.00 | 0.00 |
| Religion | 0 | 4 | 0 | 1 | 40 | 62 | 104.75 | 0 | 1 | 0.00 | 0.00 |
| History - World | 0 | 3 | 0 | 3 | 30 | 136 | 138.00 | 0 | 0 | 0.00 | 0.00 |
| Mythology | 0 | 3 | 0 | 1 | 30 | 69 | 116.00 | 0 | 0 | 0.00 | 0.00 |
| Any History | 0 | 2 | 0 | 1 | 20 | 105 | 113.50 | 0 | 0 | 0.00 | 0.00 |
| Other Academic | 0 | 2 | 0 | 0 | 20 | 104 | 106.50 | 0 | 0 | 0.00 | 0.00 |
| Science - Biology | 0 | 2 | 0 | 0 | 20 | 79 | 89.00 | 0 | 0 | 0.00 | 0.00 |
| Geography | 0 | 2 | 1 | 1 | 15 | 112 | 118.00 | 0 | 0 | 0.00 | 0.00 |
| History - American | 0 | 2 | 1 | 1 | 15 | 108 | 124.00 | 0 | 0 | 0.00 | 0.00 |
| Painting & Sculpture | 0 | 2 | 1 | 0 | 15 | 96 | 108.50 | 0 | 0 | 0.00 | 0.00 |
| Philosophy | 0 | 1 | 0 | 0 | 10 | 131 | 131.00 | 0 | 0 | 0.00 | 0.00 |
| Science - Physics | 0 | 1 | 0 | 1 | 10 | 131 | 131.00 | 0 | 0 | 0.00 | 0.00 |
| Science - Other | 0 | 1 | 0 | 0 | 10 | 110 | 110.00 | 0 | 0 | 0.00 | 0.00 |
| History - European | 0 | 1 | 0 | 0 | 10 | 129 | 129.00 | 0 | 0 | 0.00 | 0.00 |
| Literature - American | 0 | 1 | 0 | 0 | 10 | 104 | 104.00 | 0 | 0 | 0.00 | 0.00 |
| Fine Arts - Other | 0 | 3 | 4 | 1 | 10 | 49 | 104.67 | 0 | 1 | 0.00 | 0.00 |
| Current Events | 0 | 1 | 0 | 1 | 10 | 144 | 144.00 | 0 | 0 | 0.00 | 0.00 |
| Literature - World | 0 | 1 | 1 | 0 | 5 | 104 | 104.00 | 0 | 0 | 0.00 | 0.00 |
| Literature - European | 0 | 1 | 1 | 0 | 5 | 93 | 93.00 | 0 | 1 | 0.00 | 0.00 |